000 00697nam a22002417a 4500
003 UA-OsUOA
001 83286
007 ta
008 20120409b un ||||| |||| 00| 0 ukr d
100 _aПенухина Е.
700 _aБелоусов Д.
700 _aМихайленко К.
090 _a330
_bП25
942 _cSA
040 _aUA-OsUOA
_brus
_cUA-OsUOA
_dUA-OsUOA
245 _aЭкономические эффекты налоговых реформ 2004 -1=20009 годов: ретроспективный анализ
300 _aС.108-124
955 _a0
041 _arus
080 _a330
773 0 _w83284
650 7 _a330 Економіка взагалі
_2UDC
999 _c369600
_d369600